Guess the Fusion Rock Song Lyrics #79 - Statistics

General Stats
  • This quiz has been taken 13 times
  • The average score is 201 of 255
Answer Stats
Answer % Correct
I
100%
know
100%
a
90%
And
90%
be
90%
If
90%
like
90%
Like
90%
me
90%
the
90%
time
90%
To
90%
to
90%
will
90%
you
90%
all
80%
any
80%
can
80%
feels
80%
Feels
80%
Foreigner
80%
have
80%
in
80%
it
80%
It
80%
I've
80%
make
80%
man
80%
my
80%
see
80%
That
80%
that
80%
what
80%
again
70%
baby
70%
brings
70%
did
70%
first
70%
how
70%
it's
70%
mean
70%
much
70%
never
70%
Never
70%
Oh
70%
out
70%
show
70%
so
70%
takes
70%
up
70%
very
70%
Very
70%
woman
70%
world
70%
would
70%
You're
70%
across
60%
But
60%
can't
60%
climb
60%
eyes
60%
help
60%
just
60%
mountain
60%
must
60%
myself
60%
now
60%
open
60%
Sail
60%
sea
60%
stormy
60%
that's
60%
we'll
60%
Yeah
60%
before
50%
door
50%
foolishly
50%
found
50%
history
50%
lifetime
50%
opened
50%
Spent
50%
Together
50%
waited
50%
we've
50%
Won't
50%
guess
20%
No matching quizzes found
Score Distribution
Percent of People with Each Score
Percentile by Number Answered
Your Score History
You have not taken this quiz